000 00389nam a2200109Ia 4500
008 171211s9999 xx 000 0 und d
245 4 _aThe Makeover Myth: The Real Story Behind Cosmetic Surgery, Injectables, Lasers, Gimmicks, and Hype, and What You Need
245 _cM.D. Snodgrass Bethanne
260 _c2006
650 _xFITNESS
856 _uhttp://down.ebook777.com/062/0060857161.pdf
999 _c349071
_d349071